000 00542nam a22001817a 4500
005 20251108165803.0
008 250721s1955 xx 000 0 ara d
082 1 4 _aم/341.2611/تون
245 1 0 _aالإتفاقيات الفرنسية التونسية و ملحقاتها /
264 1 _aالقاهرة :
_bالمطبعة العالمية،
_c1955.
300 _a91ص
650 1 7 _aتونس
650 1 7 _aالعلاقات الدولية
650 1 7 _aالمعاهدات
710 2 _aتونس
942 _2ddc
_cREF
999 _c31281
_d31281